Music Quiz

Random Music or Book Quiz

Songs with Literary References Quiz Stats

Quiz Updated Aug 11, 2016

Challenge
Share
Tweet
Score 0/30 Timer 08:00
2 Plays Today
Time Song Title / Book Title % Correct
0:09-0:18Superman (It's Not Easy)
71.5%
0:09-0:18Superman
71.5%
0:33-0:50The House at Pooh Corner
63%
1:31-1:38The Wonderful Wizard of Oz
56.8%
0:00-0:08Clocks
55.6%
1:39-1:59Lord of the Rings
55.3%
2:35-2:42Alice's Adventures in Wonderland
48.7%
1:22-1:30Ecclesiastes
39.6%
1:22-1:30Turn! Turn! Turn!
36.8%
2:00-2:16Basket Case
33.8%
2:35-2:42White Rabbit
29.7%
0:51-0:56Romeo and Juliet
26.5%
0:00-0:08William Tell
24.2%
1:39-1:59Ramble On
22.3%
0:57-1:06Tangled up in Blue
19.9%
Time Song Title / Book Title % Correct
0:57-1:06The Divine Comedy
18.2%
0:19-0:32Wrapped Around Your Finger
17%
1:31-1:38Tin Man
16.7%
1:07-1:21Do Androids Dream of Electric Sheep?
13.8%
2:43-2:55Moby Dick
11.8%
2:43-2:55Moby Dick
11.8%
2:00-2:16The Catcher in the Rye
11.2%
2:26-2:34The Ghost of Tom Joad
10.9%
2:26-2:34The Grapes of Wrath
10.3%
0:33-0:50Return to Pooh Corner
9.7%
2:17-2:25Don Quixote
9.4%
0:19-0:32The Odyssey
7.1%
0:51-0:56Just Like Romeo and Juliet
6.7%
1:07-1:21Talk Shows on Mute
3.3%
2:17-2:25Windmills
2.3%

You're not logged in!

Compare scores with friends on all Sporcle quizzes.
Join for Free
OR
Log In

You Might Also Like...

Show Comments

Extras

Top Quizzes Today


Score Distribution

Your Account Isn't Verified!

In order to create a playlist on Sporcle, you need to verify the email address you used during registration. Go to your Sporcle Settings to finish the process.

Report this User

Report this user for behavior that violates our Community Guidelines.

Details: